Socialismo democrático: postulados básicos /
Salvato in:
| Autore principale: | |
|---|---|
| Ente Autore: | |
| Altri autori: | , , |
| Natura: | testo |
| Pubblicazione: |
San José:
CEDAL
|
| Tags: |
Aggiungi Tag
Nessun Tag, puoi essere il primo ad aggiungerne!!
|
MARC
| LEADER | 00000 a a2200000 04500 | ||
|---|---|---|---|
| 001 | 24979 | ||
| 003 | |||
| 040 | |||
| 090 | |a 179600 | ||
| 100 | |a Kneitschel, Dietmar | ||
| 110 | |a CEDAL | ||
| 245 | |a Socialismo democrático: postulados básicos / |a Dietmar Kneitschel | ||
| 260 | |a San José: |b CEDAL | ||
| 300 | |a 89 p. | ||
| 700 | |a Baeza Flores, Alberto | ||
| 700 | |a Maggi, Santiago | ||
| 700 | |a Ungo, Guillermo Manuel | ||
| 999 | |c 12050 |d 12050 | ||
